<?xml version="1.0" encoding="UTF-8"?><?xml-stylesheet type="text/xsl" href="static/style.xsl"?><OAI-PMH xmlns="http://www.openarchives.org/OAI/2.0/" xmlns:xsi="http://www.w3.org/2001/XMLSchema-instance" xsi:schemaLocation="http://www.openarchives.org/OAI/2.0/ http://www.openarchives.org/OAI/2.0/OAI-PMH.xsd"><responseDate>2026-04-18T07:47:13Z</responseDate><request verb="GetRecord" identifier="oai:www.recercat.cat:20.500.12327/4720" metadataPrefix="marc">https://recercat.cat/oai/request</request><GetRecord><record><header><identifier>oai:recercat.cat:20.500.12327/4720</identifier><datestamp>2025-10-22T11:15:09Z</datestamp><setSpec>com_2072_4428</setSpec><setSpec>com_2072_4427</setSpec><setSpec>col_2072_487898</setSpec></header><metadata><record xmlns="http://www.loc.gov/MARC21/slim" xmlns:dcterms="http://purl.org/dc/terms/" xmlns:xsi="http://www.w3.org/2001/XMLSchema-instance" xmlns:doc="http://www.lyncode.com/xoai" xsi:schemaLocation="http://www.loc.gov/MARC21/slim http://www.loc.gov/standards/marcxml/schema/MARC21slim.xsd">
   <leader>00925njm 22002777a 4500</leader>
   <datafield ind2=" " ind1=" " tag="042">
      <subfield code="a">dc</subfield>
   </datafield>
   <datafield ind2=" " ind1=" " tag="720">
      <subfield code="a">Ribeiro, Ricardo dos Santos</subfield>
      <subfield code="e">author</subfield>
   </datafield>
   <datafield ind2=" " ind1=" " tag="720">
      <subfield code="a">Cruz, J.</subfield>
      <subfield code="e">author</subfield>
   </datafield>
   <datafield ind2=" " ind1=" " tag="720">
      <subfield code="a">Muñoz, Israel</subfield>
      <subfield code="e">author</subfield>
   </datafield>
   <datafield ind2=" " ind1=" " tag="720">
      <subfield code="a">Gou, Pere</subfield>
      <subfield code="e">author</subfield>
   </datafield>
   <datafield ind2=" " ind1=" " tag="720">
      <subfield code="a">Fulladosa, Elena</subfield>
      <subfield code="e">author</subfield>
   </datafield>
   <datafield ind2=" " ind1=" " tag="260">
      <subfield code="c">2025-07-24</subfield>
   </datafield>
   <datafield ind2=" " ind1=" " tag="520">
      <subfield code="a">High-moisture extrusion processing (HMEP) is used to produce high-moisture extrudates (HME) with fibrous textures that mimic animal meat. However, many factors affect the final product, and industries require in-line control tools to monitor and optimise the process. This study aims to evaluate the feasibility of using near-infrared spectroscopy (NIRS) to monitor HMEP in the cooling die of an extruder through the prediction of the textural properties of the final product. Different strategies to minimise the temperature effects over the spectra and different modelling approaches were evaluated. To do so, NIR spectra were acquired in the cooling die of the extruder during HMEP at different cooling die temperatures (10–30 °C) and flow rates (10.0, 12.5, 16, 19.5, and 22.0 g/min). Then, the moisture content and textural properties of the final HME were determined physicochemically. Various correction techniques were used to minimise the effects of temperature on the spectra and improve the in-line prediction accuracy of the extrudates' textural properties. Results showed that, with adequate preprocessing, the textural properties could be estimated using both partial least squares regression (PLSR) and principal component regression. Using PLSR models, the lowest predictive errors obtained were 0.87 N for transversal cut force, 9.15 N for hardness, and 7.90·10−3 for springiness. However, the data proved to be insufficient to train a convolutional neural network properly. Although more experimental work is needed, NIRS and chemometric techniques demonstrate potential for monitoring HMEP in the cooling die, enabling in-line optimisation of this process.</subfield>
   </datafield>
   <datafield ind1="8" ind2=" " tag="024">
      <subfield code="a">Santos, R. dos, J. Cruz, I. Muñoz, P. Gou, and E. Fulladosa. 2025. “Monitoring the texture of High-Moisture extrudates in the cooling die of an extruder using Near-Infrared spectroscopy”. Journal of Food Engineering 404: 112751. doi:10.1016/j.jfoodeng.2025.112751.</subfield>
   </datafield>
   <datafield ind1="8" ind2=" " tag="024">
      <subfield code="a">0260-8774</subfield>
   </datafield>
   <datafield ind1="8" ind2=" " tag="024">
      <subfield code="a">http://hdl.handle.net/20.500.12327/4720</subfield>
   </datafield>
   <datafield ind1="8" ind2=" " tag="024">
      <subfield code="a">https://doi.org/10.1016/j.jfoodeng.2025.112751</subfield>
   </datafield>
   <datafield ind2="0" ind1="0" tag="245">
      <subfield code="a">Monitoring the texture of high-moisture extrudates in the cooling die of an extruder using near-infrared spectroscopy</subfield>
   </datafield>
</record></metadata></record></GetRecord></OAI-PMH>